[Event "94th Paris-ch  2019"]
[Site "Paris"]
[Date "2019.07.09"]
[Round "4.6"]
[White "Chalmeta Ugas, Ramon"]
[Black "Philippe, Guillaume"]
[Result "1/2-1/2"]
[WhiteElo "2232"]
[BlackElo "2344"]
[Annotator "NA"]
[PlyCount "138"]
[EventDate "2019.07.07"]
[EventType "swiss"]
[EventCountry "FRA"]
[SourceTitle "playchess.com"]
[Source "ChessBase"]
[SourceQuality "1"]
[TimeControl "5400+30"]

1. e4 {[%emt 0:08:44]} c5 {[%emt 0:00:18]} 2. Nf3 {[%emt 0:00:10]} e6 {[%emt 0:00:37]} 3. d4 {[%emt 0:02:57]} cxd4 {[%emt 0:00:09]} 4. Nxd4 {[%emt 0:00:07]} a6 {[%emt 0:00:19]} 5. Bd3 {[%emt 0:00:46]} Nf6 {[%emt 0:01:23]} 6. Nc3 {[%emt 0:01:46]} Qc7 {[%emt 0:00:46]} 7. Qe2 {[%emt 0:06:03]} d6 {[%emt 0:00:30]} 8. Be3 {[%emt 0:04:34]} b5 {[%emt 0:01:32]} 9. O-O {[%emt 0:08:41]} Bb7 {[%emt 0:00:12]} 10. a3 {[%emt 0:00:39]} Nbd7 {[%emt 0:10:02]} 11. Rad1 {[%emt 0:01:51]} Be7 {[%emt 0:00:22]} 12. f4 {[%emt 0:05:41]} O-O {[%emt 0:00:22]} 13. Kh1 {[%emt 0:07:09]} Rfe8 {[%emt 0:06:12]} 14. Nf3 {[%emt 0:02:18]} e5 {[%emt 0:02:09]} 15. fxe5 {[%emt 0:02:23]} dxe5 {[%emt 0:00:09]} 16. Bg5 {[%emt 0:02:45]} Nc5 {[%emt 0:06:52]} 17. Nh4 {[%emt 0:05:28]} Ncd7 {[%emt 0:12:21]} 18. Nf5 {[%emt 0:07:16]} Bd8 {[%emt 0:00:27]} 19. Rf2 {[%emt 0:09:12]} Qc5 {[%emt 0:07:36]} 20. Rdf1 {[%emt 0:03:00]} Re6 {[%emt 0:00:13]} 21. Qf3 {[%emt 0:04:30]} Qf8 {[%emt 0:04:36]} 22. Qh3 {[%emt 0:01:49]} Ne8 {[%emt 0:05:41]} 23. Bxd8 {[%emt 0:01:41]} Rxd8 {[%emt 0:02:26]} 24. Nd5 {[%emt 0:00:11]} Ndf6 {[%emt 0:07:26]} 25. Rf3 {[%emt 0:05:26]} Bxd5 {[%emt 0:09:15]} 26. exd5 {[%emt 0:00:07]} Rxd5 {[%emt 0:00:07]} 27. Ne3 {[%emt 0:06:16]} Rd8 {[%emt 0:04:09]} 28. Bf5 {[%emt 0:02:19]} Red6 {[%emt 0:04:24]} 29. c4 {[%emt 0:00:16]} e4 {[%emt 0:01:01]} 30. Rg3 {[%emt 0:00:35]} bxc4 {[%emt 0:00:25]} 31. Qh4 {[%emt 0:01:34]} Rd4 {[%emt 0:02:09]} 32. Bxh7+ {[%emt 0:00:34]} Nxh7 {[%emt 0:00:32]} 33. Rh3 {[%emt 0:00:05]} f6 {[%emt 0:03:10]} 34. Qxh7+ {[%emt 0:00:21]} Kf7 {[%emt 0:00:09]} 35. Rg3 {[%emt 0:01:04]} Qc5 {[%emt 0:02:04]} 36. h3 {[%emt 0:01:14]} Qe5 {[%emt 0:01:09]} 37. Nf5 {[%emt 0:01:58]} R4d7 {[%emt 0:02:49]} 38. Nxg7 {[%emt 0:01:25]} Nxg7 {[%emt 0:03:21]} 39. Rxg7+ {[%emt 0:00:07]} Ke6 {[%emt 0:00:07]} 40. Rxd7 {[%emt 0:00:18]} Rxd7 {[%emt 0:00:06]} 41. Qg8+ {[%emt 0:00:03]} Ke7 {[%emt 0:00:26]} 42. Qxc4 {[%emt 0:01:45]} a5 {[%emt 0:00:28]} 43. b4 {[%emt 0:01:03]} axb4 {[%emt 0:00:03]} 44. Qxb4+ {[%emt 0:00:11]} Kf7 {[%emt 0:00:38]} 45. a4 {[%emt 0:00:17]} f5 {[%emt 0:01:34]} 46. Re1 {[%emt 0:00:38]} Re7 {[%emt 0:00:49]} 47. a5 {[%emt 0:00:34]} f4 {[%emt 0:00:14]} 48. a6 {[%emt 0:00:34]} f3 {[%emt 0:00:47]} 49. gxf3 {[%emt 0:01:46]} Qg3 {[%emt 0:00:13]} 50. Qc4+ {[%emt 0:00:33]} Re6 {[%emt 0:00:44]} 51. Re2 {[%emt 0:01:55]} Qxh3+ {[%emt 0:00:50]} 52. Kg1 {[%emt 0:00:09]} Qg3+ {[%emt 0:00:17]} 53. Kf1 {[%emt 0:00:07]} Qh3+ {[%emt 0:00:52]} 54. Ke1 {[%emt 0:00:10]} Qh1+ {[%emt 0:00:32]} 55. Kd2 {[%emt 0:00:08]} Qxf3 {[%emt 0:00:17]} 56. a7 {[%emt 0:00:32]} e3+ {[%emt 0:00:13]} 57. Kc2 {[%emt 0:00:31]} Qf5+ {[%emt 0:00:19]} 58. Kc3 {[%emt 0:00:59]} Qa5+ {[%emt 0:00:26]} 59. Kd3 {[%emt 0:01:05]} Qa3+ {[%emt 0:00:16]} 60. Kc2 {[%emt 0:00:11]} Qxa7 {[%emt 0:00:56]} 61. Qf4+ {[%emt 0:00:07]} Ke8 {[%emt 0:00:22]} 62. Rh2 {[%emt 0:01:15]} Qc5+ {[%emt 0:01:14]} 63. Kd3 {[%emt 0:00:23]} Rd6+ {[%emt 0:00:33]} 64. Ke2 {[%emt 0:00:02]} Rd2+ {[%emt 0:00:55]} 65. Kf3 {[%emt 0:00:06]} Qd5+ {[%emt 0:00:08]} 66. Kg3 {[%emt 0:00:19]} Qg8+ {[%emt 0:00:42]} 67. Kf3 {[%emt 0:00:12]} Qd5+ {[%emt 0:00:30]} 68. Kg3 {[%emt 0:00:02]} Qg8+ {[%emt 0:00:52]} 69. Kf3 {[%emt 0:00:01]} Qd5+ {[%emt 0:00:30]} 1/2-1/2

[Event "94th Paris-ch  2019"]
[Site "Paris"]
[Date "2019.07.09"]
[Round "4.7"]
[White "Bonte, Andrei-Mihai"]
[Black "Sanchez, Louis"]
[Result "1/2-1/2"]
[WhiteElo "2337"]
[BlackElo "2316"]
[Annotator "NA"]
[PlyCount "79"]
[EventDate "2019.07.07"]
[EventType "swiss"]
[EventCountry "FRA"]
[SourceTitle "playchess.com"]
[Source "ChessBase"]
[SourceQuality "1"]
[TimeControl "5400+30"]

1. Nf3 {[%emt 0:04:49]} Nf6 {[%emt 0:00:44]} 2. c4 {[%emt 0:00:37]} e6 {[%emt 0:02:43]} 3. d4 {[%emt 0:00:22]} d5 {[%emt 0:00:37]} 4. Nc3 {[%emt 0:00:21]} Be7 {[%emt 0:00:15]} 5. Bf4 {[%emt 0:00:53]} O-O {[%emt 0:00:31]} 6. e3 {[%emt 0:00:15]} Nbd7 {[%emt 0:02:14]} 7. a3 {[%emt 0:01:43]} c5 {[%emt 0:00:55]} 8. cxd5 {[%emt 0:00:57]} Nxd5 {[%emt 0:00:27]} 9. Nxd5 {[%emt 0:00:07]} exd5 {[%emt 0:00:04]} 10. dxc5 {[%emt 0:01:12]} Nxc5 {[%emt 0:00:19]} 11. Be5 {[%emt 0:05:17]} Bf6 {[%emt 0:00:40]} 12. Rc1 {[%emt 0:12:21]} Ne4 {[%emt 0:05:34]} 13. Bxf6 {[%emt 0:10:24]} Qxf6 {[%emt 0:00:21]} 14. Qd4 {[%emt 0:00:06]} Bg4 {[%emt 0:08:16]} 15. Qxf6 {[%emt 0:05:20]} Nxf6 {[%emt 0:01:49]} 16. Nd4 {[%emt 0:06:42]} Rac8 {[%emt 0:05:09]} 17. Rxc8 {[%emt 0:05:33]} Rxc8 {[%emt 0:00:17]} 18. f3 {[%emt 0:00:05]} Bd7 {[%emt 0:00:14]} 19. Kd2 {[%emt 0:00:22]} h5 {[%emt 0:02:04]} 20. Bd3 {[%emt 0:06:02]} Kf8 {[%emt 0:01:59]} 21. h4 {[%emt 0:05:41]} Ke7 {[%emt 0:08:17]} 22. Ke2 {[%emt 0:02:06]} Rc5 {[%emt 0:02:46]} 23. Ra1 {[%emt 0:01:54]} g6 {[%emt 0:01:36]} 24. Kd2 {[%emt 0:04:05]} Rc8 {[%emt 0:03:56]} 25. Bc2 {[%emt 0:02:43]} Kd6 {[%emt 0:00:30]} 26. Rd1 {[%emt 0:00:41]} Rc5 {[%emt 0:02:01]} 27. b4 {[%emt 0:02:26]} Rc8 {[%emt 0:00:59]} 28. Bb3 {[%emt 0:00:05]} Ke7 {[%emt 0:05:54]} 29. Rf1 {[%emt 0:06:43]} Rc7 {[%emt 0:00:35]} 30. Kd3 {[%emt 0:04:37]} Rc8 {[%emt 0:00:29]} 31. Ra1 {[%emt 0:00:44]} Rc7 {[%emt 0:01:21]} 32. a4 {[%emt 0:00:07]} a5 {[%emt 0:04:30]} 33. bxa5 {[%emt 0:03:09]} Rc5 {[%emt 0:00:20]} 34. Rb1 {[%emt 0:06:20]} Rxa5 {[%emt 0:01:17]} 35. Bd1 {[%emt 0:00:08]} Bxa4 {[%emt 0:07:48]} 36. Rxb7+ {[%emt 0:00:11]} Kf8 {[%emt 0:00:17]} 37. Bxa4 {[%emt 0:01:11]} Rxa4 {[%emt 0:00:02]} 38. Nc6 {[%emt 0:00:22]} Ng8 {[%emt 0:06:03]} 39. Nb4 {[%emt 0:02:22]} Nh6 {[%emt 0:01:08]} 40. Nxd5 {[%emt 0:01:38]} 1/2-1/2

[Event "94th Paris-ch  2019"]
[Site "Paris"]
[Date "2019.07.09"]
[Round "4.8"]
[White "Verstraeten, Rein"]
[Black "Dutreuil, Raphael"]
[Result "1/2-1/2"]
[WhiteElo "2376"]
[BlackElo "2302"]
[Annotator "NA"]
[PlyCount "65"]
[EventDate "2019.07.07"]
[EventType "swiss"]
[EventCountry "FRA"]
[SourceTitle "playchess.com"]
[Source "ChessBase"]
[SourceQuality "1"]
[TimeControl "5400+30"]

1. Nf3 {[%emt 0:08:46]} c5 {[%emt 0:02:03]} 2. c4 {[%emt 0:00:09]} g6 {[%emt 0:00:05]} 3. d4 {[%emt 0:00:11]} cxd4 {[%emt 0:00:07]} 4. Nxd4 {[%emt 0:00:04]} Nc6 {[%emt 0:01:15]} 5. e4 {[%emt 0:00:16]} Nf6 {[%emt 0:01:04]} 6. Nc3 {[%emt 0:00:16]} d6 {[%emt 0:00:17]} 7. Be2 {[%emt 0:00:11]} Nxd4 {[%emt 0:02:18]} 8. Qxd4 {[%emt 0:00:08]} Bg7 {[%emt 0:00:04]} 9. Bg5 {[%emt 0:00:10]} O-O {[%emt 0:00:11]} 10. Qd2 {[%emt 0:00:04]} Qa5 {[%emt 0:04:19]} 11. Rc1 {[%emt 0:00:46]} Be6 {[%emt 0:00:18]} 12. f3 {[%emt 0:00:10]} Rfc8 {[%emt 0:00:42]} 13. b3 {[%emt 0:00:18]} a6 {[%emt 0:00:24]} 14. Na4 {[%emt 0:00:10]} Qxd2+ {[%emt 0:00:28]} 15. Kxd2 {[%emt 0:00:10]} Nd7 {[%emt 0:00:14]} 16. g4 {[%emt 0:00:31]} f6 {[%emt 0:07:35]} 17. Be3 {[%emt 0:12:33]} f5 {[%emt 0:00:33]} 18. exf5 {[%emt 0:00:13]} gxf5 {[%emt 0:00:06]} 19. h3 {[%emt 0:02:07]} Rf8 {[%emt 0:02:33]} 20. f4 {[%emt 0:09:07]} Rad8 {[%emt 0:13:36]} 21. Bd3 {[%emt 0:12:31]} d5 {[%emt 0:13:07]} 22. gxf5 {[%emt 0:13:13]} Bxf5 {[%emt 0:01:10]} 23. cxd5 {[%emt 0:00:08]} Bxd3 {[%emt 0:01:42]} 24. Kxd3 {[%emt 0:00:07]} Nf6 {[%emt 0:00:55]} 25. Nb6 {[%emt 0:01:24]} Nxd5 {[%emt 0:00:35]} 26. Nxd5 {[%emt 0:00:08]} Rxd5+ {[%emt 0:00:05]} 27. Ke4 {[%emt 0:00:09]} Rd7 {[%emt 0:04:25]} 28. Rhg1 {[%emt 0:02:37]} Kf7 {[%emt 0:01:37]} 29. Rc5 {[%emt 0:01:32]} Rd6 {[%emt 0:11:37]} 30. f5 {[%emt 0:12:56]} Rfd8 {[%emt 0:04:02]} 31. Rc7 {[%emt 0:04:17]} Bd4 {[%emt 0:07:03]} 32. Re1 {[%emt 0:05:58]} Bxe3 {[%emt 0:00:21]} 33. Rxe3 {[%emt 0:00:06]} 1/2-1/2

[Event "94th Paris-ch  2019"]
[Site "Paris"]
[Date "2019.07.09"]
[Round "4.9"]
[White "Akshat, Khamparia"]
[Black "Tomasi, Albert"]
[Result "1/2-1/2"]
[WhiteElo "2398"]
[BlackElo "2300"]
[Annotator "NA"]
[PlyCount "86"]
[EventDate "2019.07.07"]
[EventType "swiss"]
[EventCountry "FRA"]
[SourceTitle "playchess.com"]
[Source "ChessBase"]
[SourceQuality "1"]
[TimeControl "5400+30"]

1. d4 {[%emt 0:08:46]} Nf6 {[%emt 0:00:49]} 2. c4 {[%emt 0:00:10]} g6 {[%emt 0:00:13]} 3. Nc3 {[%emt 0:00:19]} d5 {[%emt 0:00:10]} 4. Nf3 {[%emt 0:09:21]} Bg7 {[%emt 0:00:47]} 5. cxd5 {[%emt 0:00:56]} Nxd5 {[%emt 0:00:10]} 6. Bg5 {[%emt 0:00:03]} Nxc3 {[%emt 0:01:09]} 7. bxc3 {[%emt 0:00:06]} c5 {[%emt 0:00:12]} 8. e3 {[%emt 0:02:25]} Qa5 {[%emt 0:00:25]} 9. Qd2 {[%emt 0:00:29]} Nc6 {[%emt 0:00:36]} 10. Be2 {[%emt 0:00:57]} O-O {[%emt 0:04:09]} 11. O-O {[%emt 0:02:55]} Rd8 {[%emt 0:03:20]} 12. Qb2 {[%emt 0:02:08]} Rb8 {[%emt 0:32:41]} 13. Bf4 {[%emt 0:04:26]} cxd4 {[%emt 0:00:18]} 14. cxd4 {[%emt 0:00:37]} e5 {[%emt 0:00:13]} 15. dxe5 {[%emt 0:02:39]} Bg4 {[%emt 0:01:24]} 16. Rad1 {[%emt 0:03:46]} Bxf3 {[%emt 0:11:39]} 17. gxf3 {[%emt 0:13:46]} Nxe5 {[%emt 0:03:37]} 18. Qb3 {[%emt 0:02:28]} Rd2 {[%emt 0:13:36]} 19. Rxd2 {[%emt 0:20:24]} Qxd2 {[%emt 0:00:07]} 20. Bxe5 {[%emt 0:00:22]} Bxe5 {[%emt 0:00:26]} 21. Bc4 {[%emt 0:00:28]} Qd7 {[%emt 0:02:29]} 22. Rd1 {[%emt 0:01:10]} Qc7 {[%emt 0:04:36]} 23. f4 {[%emt 0:01:09]} Bf6 {[%emt 0:00:15]} 24. Qb5 {[%emt 0:05:43]} Rc8 {[%emt 0:00:28]} 25. Bb3 {[%emt 0:04:20]} a6 {[%emt 0:00:16]} 26. Qd7 {[%emt 0:00:36]} Be7 {[%emt 0:00:53]} 27. e4 {[%emt 0:07:11]} b6 {[%emt 0:10:53]} 28. e5 {[%emt 0:01:22]} Kf8 {[%emt 0:01:15]} 29. Qh3 {[%emt 0:04:50]} h5 {[%emt 0:02:18]} 30. f5 {[%emt 0:02:45]} Rd8 {[%emt 0:02:55]} 31. f6 {[%emt 0:03:57]} Rxd1+ {[%emt 0:00:27]} 32. Bxd1 {[%emt 0:00:06]} Bc5 {[%emt 0:00:07]} 33. e6 {[%emt 0:01:04]} fxe6 {[%emt 0:00:58]} 34. Qxe6 {[%emt 0:00:50]} Qf4 {[%emt 0:02:12]} 35. Qc8+ {[%emt 0:01:40]} Kf7 {[%emt 0:01:28]} 36. Bb3+ {[%emt 0:00:42]} Kxf6 {[%emt 0:00:05]} 37. Qd8+ {[%emt 0:00:53]} Kg7 {[%emt 0:00:34]} 38. Qg8+ {[%emt 0:00:37]} Kh6 {[%emt 0:00:23]} 39. Qh8+ {[%emt 0:00:12]} Kg5 {[%emt 0:00:06]} 40. Qd8+ {[%emt 0:00:15]} Kh6 {[%emt 0:00:23]} 41. Qh8+ {[%emt 0:00:08]} Kg5 {[%emt 0:00:04]} 42. Qd8+ {[%emt 0:00:04]} Kh6 {[%emt 0:01:10]} 43. Qh8+ {[%emt 0:00:06]} Kg5 {[%emt 0:00:09]} 1/2-1/2

[Event "94th Paris-ch  2019"]
[Site "Paris"]
[Date "2019.07.09"]
[Round "4.10"]
[White "Le Goff, Ronan"]
[Black "Stephan, Victor"]
[Result "0-1"]
[WhiteElo "2281"]
[BlackElo "2358"]
[Annotator "NA"]
[PlyCount "100"]
[EventDate "2019.07.07"]
[EventType "swiss"]
[EventCountry "FRA"]
[SourceTitle "playchess.com"]
[Source "ChessBase"]
[SourceQuality "1"]
[TimeControl "5400+30"]

1. d4 {[%emt 0:09:01]} Nf6 {[%emt 0:00:47]} 2. Nf3 {[%emt 0:00:07]} e6 {[%emt 0:00:29]} 3. Bf4 {[%emt 0:00:45]} d5 {[%emt 0:00:21]} 4. e3 {[%emt 0:00:13]} Bd6 {[%emt 0:00:50]} 5. Bg3 {[%emt 0:02:25]} O-O {[%emt 0:00:24]} 6. Nbd2 {[%emt 0:01:28]} c5 {[%emt 0:00:51]} 7. Bd3 {[%emt 0:03:07]} Qc7 {[%emt 0:04:24]} 8. c4 {[%emt 0:08:03]} Nbd7 {[%emt 0:05:06]} 9. cxd5 {[%emt 0:04:59]} exd5 {[%emt 0:02:07]} 10. O-O {[%emt 0:09:11]} c4 {[%emt 0:07:04]} 11. Bc2 {[%emt 0:01:45]} Bxg3 {[%emt 0:00:56]} 12. hxg3 {[%emt 0:00:09]} b5 {[%emt 0:01:25]} 13. Re1 {[%emt 0:09:19]} Bb7 {[%emt 0:01:35]} 14. Bf5 {[%emt 0:06:36]} Rfe8 {[%emt 0:04:24]} 15. Bxd7 {[%emt 0:04:25]} Qxd7 {[%emt 0:04:13]} 16. Ne5 {[%emt 0:00:12]} Qe6 {[%emt 0:02:50]} 17. Nf1 {[%emt 0:07:50]} Ne4 {[%emt 0:02:53]} 18. f3 {[%emt 0:04:18]} Nd6 {[%emt 0:02:52]} 19. Ng4 {[%emt 0:00:24]} b4 {[%emt 0:04:08]} 20. Nf2 {[%emt 0:00:39]} a5 {[%emt 0:01:31]} 21. a4 {[%emt 0:01:19]} Rac8 {[%emt 0:01:42]} 22. g4 {[%emt 0:00:36]} Qh6 {[%emt 0:05:51]} 23. f4 {[%emt 0:01:36]} Re7 {[%emt 0:02:43]} 24. Qf3 {[%emt 0:02:09]} Rce8 {[%emt 0:02:25]} 25. Ng3 {[%emt 0:02:06]} Qe6 {[%emt 0:02:40]} 26. f5 {[%emt 0:01:07]} Qh6 {[%emt 0:00:51]} 27. Nf1 {[%emt 0:01:15]} Ne4 {[%emt 0:02:11]} 28. Nh3 {[%emt 0:01:35]} Ng5 {[%emt 0:10:09]} 29. Qg3 {[%emt 0:00:18]} Nxh3+ {[%emt 0:00:58]} 30. gxh3 {[%emt 0:00:13]} Re4 {[%emt 0:01:01]} 31. Kg2 {[%emt 0:02:47]} Qg5 {[%emt 0:01:16]} 32. Qc7 {[%emt 0:02:12]} R4e7 {[%emt 0:00:45]} 33. Qg3 {[%emt 0:01:40]} h5 {[%emt 0:00:24]} 34. f6 {[%emt 0:03:35]} Qxf6 {[%emt 0:02:37]} 35. gxh5 {[%emt 0:00:12]} Qh6 {[%emt 0:00:23]} 36. Qf2 {[%emt 0:00:59]} Qxh5 {[%emt 0:01:39]} 37. Ng3 {[%emt 0:00:08]} Qg5 {[%emt 0:00:54]} 38. h4 {[%emt 0:00:38]} Qg4 {[%emt 0:01:03]} 39. Qf5 {[%emt 0:01:00]} Bc8 {[%emt 0:01:06]} 40. Qxg4 {[%emt 0:00:22]} Bxg4 {[%emt 0:00:05]} 41. Nf1 {[%emt 0:00:38]} Bf5 {[%emt 0:01:23]} 42. Kf2 {[%emt 0:00:25]} Bc2 {[%emt 0:01:41]} 43. Rac1 {[%emt 0:00:25]} b3 {[%emt 0:01:27]} 44. Ng3 {[%emt 0:00:21]} Re6 {[%emt 0:01:05]} 45. Nh5 {[%emt 0:00:27]} c3 {[%emt 0:03:08]} 46. bxc3 {[%emt 0:00:13]} Bg6 {[%emt 0:00:07]} 47. Nf4 {[%emt 0:00:27]} b2 {[%emt 0:00:33]} 48. Rcd1 {[%emt 0:00:46]} Rf6 {[%emt 0:00:52]} 49. Kg3 {[%emt 0:00:09]} b1=Q {[%emt 0:00:37]} 50. Rxb1 {[%emt 0:00:06]} Bxb1 {[%emt 0:00:04]} 0-1

[Event "94th Paris-ch  2019"]
[Site "Paris"]
[Date "2019.07.09"]
[Round "4.11"]
[White "Dixit, Nikhil"]
[Black "Rahul Srivatshav P"]
[Result "1-0"]
[WhiteElo "2318"]
[BlackElo "2414"]
[Annotator "NA"]
[PlyCount "99"]
[EventDate "2019.07.07"]
[EventType "swiss"]
[EventCountry "FRA"]
[SourceTitle "playchess.com"]
[Source "ChessBase"]
[SourceDate "2019.07.09"]
[SourceQuality "1"]
[TimeControl "5400+30"]

1. e4 {[%emt 0:08:48]} c5 {[%emt 0:00:10]} 2. Nf3 {[%emt 0:00:06]} e6 {[%emt 0:00:10]} 3. d4 {[%emt 0:01:42]} cxd4 {[%emt 0:00:16]} 4. Nxd4 {[%emt 0:00:03]} a6 {[%emt 0:00:22]} 5. Nc3 {[%emt 0:01:06]} Qc7 {[%emt 0:00:17]} 6. Bd3 {[%emt 0:01:57]} Nf6 {[%emt 0:03:08]} 7. O-O {[%emt 0:00:49]} d6 {[%emt 0:00:27]} 8. a4 {[%emt 0:06:47]} b6 {[%emt 0:00:14]} 9. f4 {[%emt 0:02:10]} Bb7 {[%emt 0:00:48]} 10. Qe2 {[%emt 0:02:11]} Nbd7 {[%emt 0:01:11]} 11. Bd2 {[%emt 0:06:13]} Be7 {[%emt 0:00:50]} 12. Rae1 {[%emt 0:00:56]} Nc5 {[%emt 0:01:27]} 13. b4 {[%emt 0:05:22]} Nxd3 {[%emt 0:01:12]} 14. cxd3 {[%emt 0:00:13]} Rc8 {[%emt 0:03:14]} 15. Rc1 {[%emt 0:04:10]} Qb8 {[%emt 0:02:36]} 16. b5 {[%emt 0:05:28]} O-O {[%emt 0:02:22]} 17. Be3 {[%emt 0:02:18]} Nd7 {[%emt 0:07:47]} 18. f5 {[%emt 0:10:03]} e5 {[%emt 0:06:37]} 19. Nc6 {[%emt 0:02:00]} Rxc6 {[%emt 0:30:48]} 20. bxc6 {[%emt 0:02:09]} Bxc6 {[%emt 0:00:04]} 21. a5 {[%emt 0:10:47]} bxa5 {[%emt 0:02:03]} 22. Qa2 {[%emt 0:00:48]} Bd8 {[%emt 0:03:02]} 23. Kh1 {[%emt 0:06:06]} Nf6 {[%emt 0:09:23]} 24. Bg5 {[%emt 0:02:39]} Nh5 {[%emt 0:01:03]} 25. Bxd8 {[%emt 0:05:33]} Qxd8 {[%emt 0:00:09]} 26. Nd5 {[%emt 0:08:48]} Bxd5 {[%emt 0:01:15]} 27. Qxd5 {[%emt 0:00:11]} Nf4 {[%emt 0:05:29]} 28. Qc4 {[%emt 0:01:14]} d5 {[%emt 0:01:04]} 29. exd5 {[%emt 0:02:02]} Nxd5 {[%emt 0:00:07]} 30. Qe4 {[%emt 0:01:13]} Nb4 {[%emt 0:06:34]} 31. Rcd1 {[%emt 0:01:29]} Qd4 {[%emt 0:05:27]} 32. Qxd4 {[%emt 0:04:44]} exd4 {[%emt 0:00:01]} 33. h3 {[%emt 0:01:09]} Rd8 {[%emt 0:01:31]} 34. Rd2 {[%emt 0:01:06]} h6 {[%emt 0:02:07]} 35. g4 {[%emt 0:01:20]} Rd5 {[%emt 0:00:58]} 36. Rc1 {[%emt 0:01:06]} a4 {[%emt 0:01:41]} 37. Rc8+ {[%emt 0:01:27]} Kh7 {[%emt 0:00:02]} 38. Re2 {[%emt 0:00:05]} g6 {[%emt 0:02:05]} 39. Re7 {[%emt 0:00:44]} gxf5 {[%emt 0:00:15]} 40. Rxf7+ {[%emt 0:00:09]} Kg6 {[%emt 0:00:04]} 41. Rb7 {[%emt 0:00:39]} Nxd3 {[%emt 0:00:55]} 42. Rb6+ {[%emt 0:01:11]} Kg5 {[%emt 0:00:13]} 43. Rxa6 {[%emt 0:00:07]} Nc5 {[%emt 0:01:47]} 44. Ra5 {[%emt 0:00:40]} d3 {[%emt 0:00:21]} 45. Rcxc5 {[%emt 0:00:09]} Rxc5 {[%emt 0:00:37]} 46. Rxc5 {[%emt 0:00:01]} a3 {[%emt 0:00:18]} 47. Rxf5+ {[%emt 0:00:06]} Kg6 {[%emt 0:00:12]} 48. Kg2 {[%emt 0:00:17]} a2 {[%emt 0:00:25]} 49. Rf1 {[%emt 0:00:03]} d2 {[%emt 0:00:20]} 50. h4 {[%emt 0:00:12]} 1-0